| 000 | 00694nam a22002177a 4500 | ||
|---|---|---|---|
| 003 | OSt | ||
| 005 | 20260511072319.0 | ||
| 008 | 260226b |||||||| |||| 00| 0 eng d | ||
| 020 | _a971-791-046-4 | ||
| 040 |
_aDWCL-Main Lib _cOC |
||
| 082 |
_22nd ed. _aFil.330 T918 2003 |
||
| 100 | _aTullao, Tereso S., JR. | ||
| 245 |
_aUnawain natin and ekonomiks sa diwang Pilipino / _cTullao, Tereso S., JR. |
||
| 260 |
_aQuezon City : _bSIBS Publishing House, _c2003. |
||
| 300 |
_axix , 407 p : _bill. ; _c26 cm. |
||
| 504 | _a1. Includes index. | ||
| 650 | _aEconomics (Filipino language). | ||
| 650 | _aEconomics - Philippines. | ||
| 650 | _aEconomics. | ||
| 942 |
_2ddc _cBK-FIL _e2nd ed. _mFil. _n0 |
||
| 999 |
_c8571 _d8571 |
||